[Event "Montevideo Duchamp Cup 6th"]
[Site "Montevideo"]
[Date "2023.02.04"]
[Round "2"]
[White "Larrea, Daniela"]
[Black "Cardarelli, Leon"]
[Result "0-1"]
[WhiteElo "1706"]
[BlackElo "1406"]
[PlyCount "66"]
[EventDate "2023.02.03"]
[EventType "swiss"]
[EventRounds "9"]
[EventCountry "URU"]
[SourceTitle "CBM 212 Extra"]
[Source "ChessBase"]
[SourceDate "2023.03.31"]
[SourceVersion "1"]
[SourceVersionDate "2023.03.31"]
[SourceQuality "1"]

1. d4 Nf6 2. c4 d6 3. Nc3 c6 4. e4 e5 5. Nf3 Nbd7 6. Be2 Be7 7. 0-0 Qc7 8. b3 h6 9. Bb2 Nf8 10. Rc1 g5 11. dxe5 dxe5 12. Nxe5 Ne6 13. Ng4 Nf4 14. Nxf6+ Bxf6 15. Nb5 cxb5 16. Bxf6 0-0 17. cxb5 Qxc1 18. Bc4 Qxd1 19. Rxd1 Be6 20. g3 Bxc4 21. gxf4 Bxb5 22. fxg5 hxg5 23. h4 gxh4 24. Rd5 Be2 25. f4 Rac8 26. Kf2 Rc2 27. Ke3 h3 28. Rg5+ Kh7 29. Rg3 Bf1 30. Rg4 Rg2 31. Rh4+ Kg6 32. Bg5 f6 33. Rh6+ Kg7 0-1

[Event "Montevideo Duchamp Cup 6th"]
[Site "Montevideo"]
[Date "2023.02.03"]
[Round "1"]
[White "Cardarelli, Leon"]
[Black "Espel, Luis"]
[Result "0-1"]
[WhiteElo "1406"]
[BlackElo "1915"]
[PlyCount "48"]
[EventDate "2023.02.03"]
[EventType "swiss"]
[EventRounds "9"]
[EventCountry "URU"]
[SourceTitle "CBM 212 Extra"]
[Source "ChessBase"]
[SourceDate "2023.03.31"]
[SourceVersion "1"]
[SourceVersionDate "2023.03.31"]
[SourceQuality "1"]

1. e4 e6 2. d4 d5 3. exd5 exd5 4. Bd3 Bd6 5. Nc3 Ne7 6. Nge2 0-0 7. Bg5 c6 8. Qd2 Re8 9. f3 f6 10. Bxf6 gxf6 11. g4 Ng6 12. Qh6 Qe7 13. Bxg6 hxg6 14. Qxg6+ Kf8 15. 0-0-0 Qg7 16. Qxg7+ Kxg7 17. f4 Nd7 18. h4 Nf8 19. f5 b5 20. a3 a5 21. Rde1 Ba6 22. Nb1 b4 23. Kd1 Re4 24. g5 Rae8 0-1

[Event "Montevideo Trebejos 50 Anniv op"]
[Site "Montevideo"]
[Date "2022.09.25"]
[Round "9"]
[White "Cardarelli, Leon"]
[Black "Guedikian, Alan Misac"]
[Result "1-0"]
[WhiteElo "1321"]
[BlackElo "1520"]
[PlyCount "45"]
[EventDate "2022.09.17"]
[EventType "swiss"]
[EventRounds "9"]
[EventCountry "URU"]
[SourceTitle "EXT 2023"]
[Source "ChessBase"]
[SourceDate "2022.10.05"]
[SourceVersion "1"]
[SourceVersionDate "2022.10.05"]
[SourceQuality "1"]

1. e4 c5 2. Nc3 Nc6 3. Bb5 e5 4. Bxc6 bxc6 5. d3 g6 6. Nge2 Bg7 7. 0-0 Ne7 8. f4 d5 9. Ng3 0-0 10. f5 dxe4 11. f6 Bxf6 12. Rxf6 Nf5 13. Nxf5 Qxf6 14. Nh6+ Kh8 15. Nxe4 Qd8 16. Bg5 f6 17. Nxf6 Kg7 18. Nh5+ gxh5 19. Bxd8 Rxd8 20. Qxh5 Rf8 21. Qg5+ Kh8 22. Qxe5+ Rf6 23. Qxf6# 1-0

[Event "Montevideo Trebejos 50 Anniv op"]
[Site "Montevideo"]
[Date "2022.09.24"]
[Round "8"]
[White "Moreno, Diego"]
[Black "Cardarelli, Leon"]
[Result "1-0"]
[WhiteElo "1728"]
[BlackElo "1321"]
[PlyCount "61"]
[EventDate "2022.09.17"]
[EventType "swiss"]
[EventRounds "9"]
[EventCountry "URU"]
[SourceTitle "EXT 2023"]
[Source "ChessBase"]
[SourceDate "2022.10.05"]
[SourceVersion "1"]
[SourceVersionDate "2022.10.05"]
[SourceQuality "1"]

1. e4 e6 2. d4 d5 3. Nd2 c5 4. exd5 exd5 5. Ngf3 Nf6 6. Bb5+ Bd7 7. Bxd7+ Nbxd7 8. 0-0 c4 9. b3 cxb3 10. Re1+ Be7 11. Ba3 Ng8 12. axb3 Kf8 13. Rxe7 Nxe7 14. Qe2 Nb6 15. Re1 Nbc8 16. Qe5 Kg8 17. Bxe7 Nxe7 18. Qxe7 Qxe7 19. Rxe7 b5 20. Rd7 a5 21. Rxd5 a4 22. bxa4 bxa4 23. Nc4 g6 24. Na3 Kg7 25. Kf1 Rhc8 26. Nd2 Rc3 27. Ndb1 Rc7 28. Re5 Rb7 29. Ke2 f6 30. Re3 Kf7 31. Kd2 1-0

[Event "Montevideo Trebejos 50 Anniv op"]
[Site "Montevideo"]
[Date "2022.09.23"]
[Round "7"]
[White "Cardarelli, Leon"]
[Black "Duarte, Horacio"]
[Result "1-0"]
[WhiteElo "1321"]
[BlackElo "1532"]
[PlyCount "75"]
[EventDate "2022.09.17"]
[EventType "swiss"]
[EventRounds "9"]
[EventCountry "URU"]
[SourceTitle "EXT 2023"]
[Source "ChessBase"]
[SourceDate "2022.10.05"]
[SourceVersion "1"]
[SourceVersionDate "2022.10.05"]
[SourceQuality "1"]

1. e4 c5 2. Nc3 e6 3. g3 Nc6 4. Bg2 Nf6 5. Nge2 Be7 6. 0-0 d5 7. d4 0-0 8. dxc5 Bxc5 9. exd5 exd5 10. Nxd5 Nxd5 11. Qxd5 Qxd5 12. Bxd5 Nb4 13. Bb3 Bf5 14. c3 Nc2 15. Bxc2 Bxc2 16. Nd4 Ba4 17. Be3 Rfe8 18. b3 Bd7 19. Nc2 Be7 20. Rad1 Bh3 21. Rfe1 a6 22. Nb4 Rac8 23. Nd5 Bf8 24. c4 h6 25. Nf4 Bg4 26. Rd4 Bb4 27. Rf1 Rcd8 28. Nd5 Ba3 29. Rxg4 f5 30. Nf6+ Kf7 31. Nxe8 Rxe8 32. Rd4 Bc5 33. Rd5 Bxe3 34. fxe3 Rxe3 35. Rfxf5+ Ke6 36. Rf8 b5 37. Re8+ Kf6 38. Rxe3 1-0

[Event "Montevideo Trebejos 50 Anniv op"]
[Site "Montevideo"]
[Date "2022.09.21"]
[Round "5"]
[White "Cardarelli, Leon"]
[Black "Garcia, Axel"]
[Result "0-1"]
[WhiteElo "1321"]
[BlackElo "1783"]
[PlyCount "102"]
[EventDate "2022.09.17"]
[EventType "swiss"]
[EventRounds "9"]
[EventCountry "URU"]
[SourceTitle "EXT 2023"]
[Source "ChessBase"]
[SourceDate "2022.10.05"]
[SourceVersion "1"]
[SourceVersionDate "2022.10.05"]
[SourceQuality "1"]

1. e4 c6 2. d4 d5 3. exd5 cxd5 4. Bd3 Nf6 5. Bf4 Nc6 6. c3 Bg4 7. Qb3 Qd7 8. h3 Bh5 9. Nd2 Bg6 10. Bxg6 hxg6 11. Ngf3 e6 12. Ne5 Qc8 13. Nxc6 Qxc6 14. Nf3 Nd7 15. Ne5 Nxe5 16. Bxe5 f6 17. Bg3 b6 18. 0-0-0 Bd6 19. Bxd6 Qxd6 20. Rhe1 Kf7 21. Re3 Rab8 22. Qc2 b5 23. Rde1 Rhe8 24. Rg3 Qf4+ 25. Ree3 g5 26. Rgf3 Qh2 27. Rg3 Qh1+ 28. Qd1 Qxd1+ 29. Kxd1 b4 30. Kc2 Rb6 31. cxb4 Rxb4 32. Ra3 Rxd4 33. Rxa7+ Kg6 34. Rd3 Rf4 35. f3 Rb4 36. a4 Reb8 37. b3 d4 38. a5 Kf5 39. Rxg7 Ra8 40. Rd7 Ke5 41. g3 Rxa5 42. Kb2 Ra8 43. Rh7 Kf5 44. Rh6 e5 45. g4+ Ke6 46. h4 gxh4 47. Rxh4 Rb6 48. g5 Kf5 49. gxf6 Rxf6 50. f4 Rfa6 51. fxe5 Ra2+ 0-1

[Event "URU-ch U20"]
[Site "Montevideo"]
[Date "2022.04.02"]
[Round "4"]
[White "Cardarelli, Leon"]
[Black "Roselli, Federico"]
[Result "1-0"]
[WhiteElo "1448"]
[BlackElo "1092"]
[PlyCount "91"]
[EventDate "2022.04.01"]
[EventType "swiss"]
[EventRounds "6"]
[EventCountry "URU"]
[SourceTitle "CBM 207 Extra"]
[Source "ChessBase"]
[SourceDate "2022.05.31"]
[SourceVersion "1"]
[SourceVersionDate "2022.05.31"]
[SourceQuality "1"]

1. e4 e5 2. Bc4 Bc5 3. Nf3 Nc6 4. c3 Nf6 5. d3 d6 6. Bb3 Qe7 7. Nbd2 Bb6 8. Nf1 Be6 9. Bc2 0-0-0 10. Be3 d5 11. Bxb6 axb6 12. exd5 Bxd5 13. Ne3 e4 14. dxe4 Bxe4 15. Qe2 Bxc2 16. Qxc2 Ng4 17. Qf5+ Kb8 18. Qxg4 Ne5 19. Nxe5 Qxe5 20. Qf5 Qe7 21. 0-0 g6 22. Qf3 h5 23. Rad1 Rxd1 24. Rxd1 g5 25. Nd5 Qe6 26. Qf6 Re8 27. Qxe6 Rxe6 28. Kf1 Rd6 29. Ne3 Re6 30. Nc2 Kc8 31. Re1 Rd6 32. Re8+ Kd7 33. Re4 Rd2 34. Rd4+ Rxd4 35. Nxd4 Kd6 36. Ke2 Ke5 37. Ke3 f5 38. Nf3+ Kf6 39. h4 g4 40. Ng5 Ke7 41. Kf4 Kf6 42. f3 b5 43. fxg4 hxg4 44. h5 Kg7 45. Kxf5 Kh6 46. Kxg4 1-0

[Event "URU-ch U20"]
[Site "Montevideo"]
[Date "2022.04.02"]
[Round "3"]
[White "Fabra, Nahiara"]
[Black "Cardarelli, Leon"]
[Result "1-0"]
[WhiteElo "1594"]
[BlackElo "1448"]
[PlyCount "93"]
[EventDate "2022.04.01"]
[EventType "swiss"]
[EventRounds "6"]
[EventCountry "URU"]
[SourceTitle "CBM 207 Extra"]
[Source "ChessBase"]
[SourceDate "2022.05.31"]
[SourceVersion "1"]
[SourceVersionDate "2022.05.31"]
[SourceQuality "1"]

1. e4 e6 2. d4 d5 3. e5 c5 4. c3 Nc6 5. Nf3 Qb6 6. a3 Bd7 7. b4 cxd4 8. cxd4 Nge7 9. Nc3 Nf5 10. Na4 Qc7 11. Bb2 Be7 12. Rc1 Qd8 13. Nc5 Bxc5 14. Rxc5 Rc8 15. Bd3 Nfe7 16. Ng5 h6 17. Nf3 Nb8 18. Rxc8 Nxc8 19. 0-0 Nb6 20. Nd2 Na4 21. Ba1 Nb6 22. b5 a6 23. a4 0-0 24. Bb2 f6 25. f4 f5 26. Ba3 Rf7 27. Qb3 Be8 28. Bd6 axb5 29. axb5 N8d7 30. Rc1 Nf6 31. Bc5 Nfd7 32. Bd6 Nf6 33. g3 Ne4 34. Nxe4 fxe4 35. Be2 g5 36. Bh5 Rd7 37. Bg4 gxf4 38. Bxe6+ Kh8 39. Bxd7 Bxd7 40. gxf4 Qe8 41. Rc7 Bxb5 42. Rxb7 Bc4 43. Qxb6 Qg6+ 44. Kh1 h5 45. Qd8+ Qg8 46. Qf6+ Qg7 47. Qxg7# 1-0

[Event "Montevideo Duchamp Cup 5th"]
[Site "Montevideo"]
[Date "2022.02.13"]
[Round "3"]
[White "De Cuadro, Dionisio"]
[Black "Cardarelli, Leon"]
[Result "1/2-1/2"]
[WhiteElo "1621"]
[BlackElo "1367"]
[PlyCount "89"]
[EventDate "2022.02.12"]
[EventType "swiss"]
[EventRounds "9"]
[EventCountry "URU"]
[SourceTitle "CBM 206 Extra"]
[Source "ChessBase"]
[SourceDate "2022.03.31"]
[SourceVersion "1"]
[SourceVersionDate "2022.03.31"]
[SourceQuality "1"]

1. d4 Nf6 2. Nf3 g6 3. Bf4 d6 4. c4 Bg7 5. Nc3 Bf5 6. e3 Nbd7 7. Be2 c5 8. Nh4 Qc7 9. Nxf5 gxf5 10. 0-0 a6 11. Qd3 cxd4 12. exd4 Nb6 13. c5 Nbd5 14. Qxf5 Nxf4 15. Qxf4 0-0-0 16. cxd6 Rxd6 17. Rac1 Rc6 18. Qe3 h5 19. f4 Kb8 20. Bf3 Re6 21. Qd2 h4 22. Nd5 Qd6 23. Nxf6 Rxf6 24. Bg4 Rg6 25. Bf3 Qxd4+ 26. Qxd4 Bxd4+ 27. Kh1 Bxb2 28. Rc2 Rb6 29. Rb1 Bd4 30. Rd1 Bf6 31. h3 Rc8 32. Rcd2 Rb2 33. Rd7 Rc7 34. Rd8+ Ka7 35. R8d2 Rc1 36. Rxc1 Rxd2 37. Rc7 Rb2 38. Bd5 Kb8 39. Rc1 Rf2 40. Rb1 b5 41. a4 Rxf4 42. axb5 axb5 43. Rxb5+ Kc7 44. Bf3 Rc4 45. Rb1 1/2-1/2